00545nam a2200169Ia 450000500170000000800410001702000150005808200130007310000200008624500490010626000570015530000190021265000260023194200060025795200970026399900150036020241209022328.0240331s9999 xx 000 0 und d a8173040958 bSTUa891 aEntwistle, A. W 0aStudies in South Asian Devotional Literature aNew DelhibManohar Publishers and Distributorsc1994 aXiii, 585 p ., aDevotional Literature cL 001040708LaWERCLbWERCLcSSCd2024-03-31l0o 891.1 STUp3746r2024-03-31w2024-03-31yL c3375d3375